XI Roku 2016 wg. Tygodnika "Piłka Nożna" (Europa) - Statystyki

Ogólne statystyki
  • Ten quiz został rozwiązany 246 razy
  • Średni wynik to 10 z 11
Statystyki odpowiedzi
Pozycja Kraj Klub Zawodnik % Poprawnych
LS Portugalia Real Madryt Cristiano Ronaldo
98%
PS Walia Real Madryt Gareth Bale
97%
ŚP Belgia Manchester City Kevin de Bruyne
96%
ŚO Portugalia Real Madryt Pepe
96%
BR Francja Tottenham Hugo Lloris
95%
ŚP Niemcy Real Madryt Toni Kroos
92%
ŚN Francja Atletico Antoine Griezmann
90%
ŚO Niemcy Dortmund / Bayern Mats Hummels
90%
ŚPD Francja Leicester / Chelsea N'Golo Kante
90%
PO Hiszpania Real Madryt Dani Carvajal
89%
LO Portugalia Lorient / Dortmund Raphael Guerreiro
58%
Nie znaleziono quizów pasujących do podanych kryteriów
Rozkład punktacji
Procent ludzi z każdym wynikiem
Percentyl według liczby udzielonych odpowiedzi
Twoja historia wyników
Nie rozwiązałeś tego quizu